01490nam a22003855i 4500003000900000005001700009008004100026020001800067020002400085040004300109041001300152043001200165082002300177100002800200245013100228264010700359300004700466336002600513337002800539338002700567490003000594504004200624546005500666650003300721650004600754651001000800653002600810655001700836700003200853700003300885700003200918942001200950999001700962952012500979EG-ScBUE20221205103411.0170508s2013 ko a f b 000 0 eng d a9788973755820 a9788973755783 (set) aEG-ScBUEbengerdacEG-ScBUEdEG-ScBUE1 aenghkor aa-ko---04a720.95195bJIN2221 aJinyoung, Lim,eauthor.10aK-architecture :btradition meets modernity /c[writer, Lim Jinyoung, Ryoo Seong Lyong ; translator, Colin Mouat, Ben Jackson] 1a[Sejong-si] :bKorean Culture and Information Service, Ministry of Culture, Sports and Tourism,c2013. a131 pages :bcolor illustrations ;c20 cm. 2rdacontentatextbtxt 2rdamediaaunmediatedbn 2rdacarrieravolumebnc0 aKorean culture ;vno. 12. aIncludes bibliographical references.  aText in English ; translated from original Korean. 7aArchitecture, Korean.2BUEsh 7aArchitecturezKorea (South)2BUEsh914690 2BUEsh bENGARCbGGENcMay2017 vReading book1 aLyong, Ryoo Seong,eauthor.1 aMouat, Colin, etranslator.1 aJackson, Ben, etranslator. 2ddccBB c24793d24765 00102ddc40708Korean culaMAINbMAINc2NDd2017-05-08eDonationl0o720.95195 JINp000041811r2025-07-15 00:00:00yBB